00343nam a2200133Ia 4500008004100000041000800041082001600049100001800065245004500083250001400128260002700142300003100169365000900200240624s9999 xx 000 0 und d aeng a658.404 LEW aLEWIS JAMES P aFUNDAMENTALS OF PROJECT MANAGEMENT DEVEL a(2nd ed.) c2002aNew YorkbAmacom axii, : 148 : p. : cm. ; 22 cb30